Normal view
MARC view
- Farooqi, Nisar Ahmed
Entry Personal Name
001 - CONTROL NUMBER
- control field: 15202
003 - CONTROL NUMBER IDENTIFIER
- control field: NUST
005 - DATE AND TIME OF LATEST TRANSACTION
- control field: 20190620083927.0
008 - FIXED-LENGTH DATA ELEMENTS
- fixed length control field: 190620|| aca||aabn | a|a d
040 ## - CATALOGING SOURCE
- Original cataloging agency: NUST
- Transcribing agency: NUST
100 ## - HEADING--PERSONAL NAME
- Personal name: Farooqi, Nisar Ahmed
670 ## - SOURCE DATA FOUND
- Source citation: Work cat.: (NUST): Farooqi, Nisar Ahmed, Galib Ki Ap Biti /, 2004.
